[Event "III Weekend"]
[Site "Cutro ITA"]
[Date "2005.06.26"]
[Round "5"]
[White "Mercurio, Rosario"]
[Black "Zavaglia, Giuseppe"]
[Result "0-1"]
[WhiteElo "1363"]
[BlackElo "1730"]
[PlyCount "110"]
[EventDate "2005.06.18"]

1. e4 c5 2. d3 d6 3. Nf3 Nf6 4. Nbd2 g6 5. b3 Bg7 6. Rb1 Nc6 7. a3 a6 8. g3 b5
9. Bg2 Bb7 10. O-O O-O 11. Bb2 Qc7 12. Qe2 Rfe8 13. Rfe1 e6 14. e5 dxe5 15.
Nxe5 Nd4 16. Bxd4 Bxg2 17. Kxg2 cxd4 18. Ndf3 Nd5 19. Qd2 Rac8 20. Rbc1 Qb7 21.
Kg1 Qc7 22. Ng4 h5 23. Nge5 Nc3 24. h4 Rcd8 25. Ra1 Nd5 26. Qe2 Ne7 27. a4 f6
28. Ra2 fxe5 29. Qe4 Qc6 30. Nxe5 Qxe4 31. Rxe4 Bxe5 32. Rxe5 Nd5 33. Ra1 Rc8
34. Rae1 Kf7 35. R1e4 Kf6 36. Rg5 bxa4 37. bxa4 Nc3 38. Ree5 Rc6 39. Kg2 Nxa4
40. Ra5 Nc3 41. Rge5 Rb8 42. Re1 Rb2 43. Ra3 Rxc2 44. Rb3 Rd2 45. Kh3 Rxf2 46.
Rb8 Re2 47. Rf1+ Ke5 48. Rbf8 Nd5 49. Rg8 Rcc2 50. Rh1 Kf6 51. Rf8+ Kg7 52.
Rff1 Ne3 53. Rf4 e5 54. Re4 Rf2 55. Rxe5 Ng4 0-1

[Event "III Weekend"]
[Site "Cutro ITA"]
[Date "2005.06.26"]
[Round "5"]
[White "Olivo, Gaetano"]
[Black "Amodei, Diego"]
[Result "1-0"]
[WhiteElo "1610"]
[BlackElo "1634"]
[PlyCount "85"]
[EventDate "2005.06.18"]

1. e4 c5 2. Nf3 d6 3. d4 cxd4 4. Nxd4 Nf6 5. Nc3 e6 6. Bd3 Be7 7. O-O Bd7 8. f4
Nc6 9. Nf3 Qb6+ 10. Kh1 Ng4 11. Qe2 Nb4 12. h3 Nxd3 13. cxd3 Nf6 14. Be3 Qa6
15. g4 Bc6 16. Rf2 b6 17. Kh2 Rc8 18. Nd4 O-O 19. f5 e5 20. Nf3 Rfe8 21. Rd1
Nd7 22. g5 Kh8 23. h4 g6 24. fxg6 fxg6 25. Ng1 b5 26. h5 b4 27. Nd5 Bxd5 28.
exd5 Qxa2 29. hxg6 Qxd5 30. gxh7 e4 31. Nh3 exd3 32. Rxd3 Qe5+ 33. Kg1 Qg3+ 34.
Rg2 Qxh3 35. Bd4+ Bf6 36. Bxf6+ Nxf6 37. Qxe8+ Nxe8 38. Rxh3 Rc1+ 39. Kh2 Rc7
40. g6 Rg7 41. Re3 Nc7 42. Rf3 Ne6 43. Rf6 1-0

[Event "III Weekend"]
[Site "Cutro ITA"]
[Date "2005.06.26"]
[Round "5"]
[White "Paragliola, Gennaro"]
[Black "Olivo, Ilaria"]
[Result "1-0"]
[WhiteElo "1541"]
[BlackElo "1467"]
[PlyCount "71"]
[EventDate "2005.06.18"]

1. d4 Nf6 2. c4 g6 3. Nc3 Bg7 4. e4 d6 5. Nf3 Nbd7 6. Be2 O-O 7. O-O e5 8. d5
Nc5 9. Bg5 Re8 10. b4 Ncd7 11. h3 c5 12. dxc6 bxc6 13. Qxd6 Bb7 14. a3 Rc8 15.
c5 Qc7 16. Qxc7 Rxc7 17. Rfd1 h6 18. Bh4 Nh5 19. Nd2 Nf4 20. Bc4 Nf6 21. Bxf6
Bxf6 22. Ne2 Nxe2+ 23. Bxe2 Rd7 24. Bg4 Rd4 25. Bf3 Red8 26. Nb3 Rxd1+ 27. Rxd1
Rxd1+ 28. Bxd1 Kf8 29. Na5 Ba8 30. Ba4 Ke8 31. Bxc6+ Bxc6 32. Nxc6 a6 33. Nb8
a5 34. b5 Kd8 35. Nc6+ Kc7 36. Nxa5 1-0

[Event "III Weekend"]
[Site "Cutro ITA"]
[Date "2005.06.26"]
[Round "5"]
[White "Scalise, Sandro"]
[Black "Frontera, Giuseppe"]
[Result "0-1"]
[WhiteElo "1595"]
[BlackElo "1826"]
[PlyCount "119"]
[EventDate "2005.06.18"]

1. d4 Nf6 2. Nf3 e6 3. Bf4 b6 4. e3 Bb7 5. Nbd2 Be7 6. Bd3 O-O 7. h3 d6 8. c3
Nbd7 9. Qc2 Re8 10. O-O Nf8 11. Rfd1 N6d7 12. e4 c5 13. e5 d5 14. dxc5 bxc5 15.
Bb5 a6 16. Ba4 Qc7 17. Bxd7 Nxd7 18. Re1 Qc6 19. Rad1 Rad8 20. Bg3 Nb6 21. h4
Rd7 22. b3 h6 23. Qd3 Red8 24. Qf1 a5 25. c4 Ba6 26. cxd5 Nxd5 27. Nc4 Qa8 28.
Qd3 Bxc4 29. bxc4 Nb6 30. Qc2 Rxd1 31. Rxd1 Rxd1+ 32. Qxd1 Nxc4 33. Qd7 Bf8 34.
Bf4 Nb6 35. Qb5 Nd5 36. Bd2 a4 37. Ba5 a3 38. Nd2 Nb4 39. Nc4 Nc6 40. Bb6 Nd4
41. Qa5 Qxa5 42. Nxa5 Nb5 43. Nc4 Be7 44. Kf1 Bxh4 45. Bxc5 Nc3 46. Bxa3 Nxa2
47. Bd6 Nc3 48. Ne3 Ne4 49. g3 Nxd6 50. exd6 Bd8 51. Ke2 Kf8 52. Kd3 Ke8 53.
Nc4 f6 54. f3 Kd7 55. Kd4 Kc6 56. f4 h5 57. Ke4 Kc5 58. Kd3 g6 59. Kc3 Kd5 60.
Kd3 0-1

[Event "III Weekend"]
[Site "Cutro ITA"]
[Date "2005.06.26"]
[Round "5"]
[White "Scerbo, Antonio"]
[Black "Rizzuti, Pasquale"]
[Result "0-1"]
[WhiteElo "2097"]
[BlackElo "1871"]
[PlyCount "76"]
[EventDate "2005.06.18"]

1. d4 Nf6 2. c4 g6 3. Nc3 d5 4. cxd5 Nxd5 5. e4 Nxc3 6. bxc3 Bg7 7. Bc4 O-O 8.
Ne2 c5 9. O-O Nc6 10. Be3 Bg4 11. f3 Na5 12. Bd5 Bd7 13. Rb1 Qc8 14. e5 e6 15.
Be4 cxd4 16. cxd4 Bc6 17. Qd3 Rd8 18. Bg5 Rd7 19. f4 Bxe4 20. Qxe4 Qc6 21. Qd3
Rc8 22. Rfc1 Nc4 23. Rb4 b5 24. a4 a6 25. axb5 axb5 26. Qb3 Qe4 27. Kf2 Rxd4
28. Nxd4 Qxd4+ 29. Kg3 h6 30. Rd1 Qe4 31. Rd8+ Rxd8 32. Bxd8 g5 33. Kh3 Qxf4
34. Qg3 Qd2 35. Be7 Bxe5 36. Qf3 Ne3 37. Qa8+ Kh7 38. Qe4+ f5 0-1

[Event "III Weekend"]
[Site "Cutro ITA"]
[Date "2005.06.26"]
[Round "6"]
[White "Carabetta, Alfredo"]
[Black "Mercurio, Rosario"]
[Result "1-0"]
[WhiteElo "1497"]
[BlackElo "1363"]
[PlyCount "71"]
[EventDate "2005.06.18"]

1. d4 Nf6 2. c4 c5 3. Nf3 b5 4. cxb5 a6 5. Nc3 axb5 6. Nxb5 Qa5+ 7. Nc3 cxd4 8.
Nxd4 Ba6 9. Bd2 Qb6 10. Nb3 Nc6 11. Be3 Qd8 12. Nd5 Rb8 13. Nxf6+ exf6 14. Qc1
Bb4+ 15. Bd2 O-O 16. Bxb4 Nxb4 17. a3 Rc8 18. Nc5 Qe7 19. axb4 Rc6 20. Rxa6
Rfc8 21. Rxc6 Rxc6 22. Qe3 Qd8 23. g3 Qa8 24. Qa3 Qb8 25. Bg2 Rc7 26. Na6 Rc1+
27. Kd2 Qd6+ 28. Kxc1 g6 29. b5 Qb6 30. Qc5 Qe6 31. e3 Qa2 32. Qa3 Qc4+ 33. Kb1
Qxb5 34. Rc1 Qf5+ 35. e4 Qxf2 36. Rc8+ 1-0

[Event "III Weekend"]
[Site "Cutro ITA"]
[Date "2005.06.26"]
[Round "6"]
[White "Frontera, Giuseppe"]
[Black "Olivo, Gaetano"]
[Result "1-0"]
[WhiteElo "1826"]
[BlackElo "1610"]
[PlyCount "83"]
[EventDate "2005.06.18"]

1. e4 e6 2. d4 d5 3. Nd2 c5 4. c3 Nc6 5. Bb5 Bd7 6. exd5 exd5 7. Qe2+ Qe7 8.
Nb3 Qxe2+ 9. Nxe2 c4 10. Nc5 Bxc5 11. dxc5 a6 12. Bxc6 Bxc6 13. Nd4 Ne7 14. O-O
O-O 15. Re1 Rfe8 16. Bf4 Ng6 17. Bg3 Bd7 18. b4 Rxe1+ 19. Rxe1 Re8 20. Rxe8+
Bxe8 21. h4 Bd7 22. f3 f6 23. Ne2 Ne5 24. Nf4 Bc6 25. Kf1 Kf7 26. Ke2 h6 27.
Ke3 g5 28. Ne2 Nd3 29. Nd4 Bd7 30. Nc2 f5 31. hxg5 hxg5 32. f4 g4 33. Be1 Nc1
34. Bd2 Nxa2 35. Kd4 Ke6 36. Ne3 Bc6 37. g3 b5 38. cxb6 Bb7 39. Kc5 Ba8 40. Nc2
Bb7 41. Nd4+ Kf6 42. Kd6 1-0

[Event "III Weekend"]
[Site "Cutro ITA"]
[Date "2005.06.26"]
[Round "6"]
[White "Levato, Biagio"]
[Black "Scalise, Sandro"]
[Result "1/2-1/2"]
[WhiteElo "1531"]
[BlackElo "1595"]
[PlyCount "46"]
[EventDate "2005.06.18"]

1. e4 c5 2. Nf3 Nc6 3. d3 d6 4. g3 g6 5. Bg2 Bg7 6. c3 Nf6 7. O-O O-O 8. Nbd2
Qc7 9. Re1 Bd7 10. d4 cxd4 11. cxd4 Nb4 12. Re2 Bb5 13. Re3 Bd3 14. Ne1 Bc2 15.
Nxc2 Qxc2 16. Qe2 Rac8 17. a3 Qa4 18. b3 Qa5 19. Nc4 Qa6 20. Bb2 Nc6 21. Qd1 b5
22. Nd2 Qb6 23. Nf3 a6 1/2-1/2

[Event "III Weekend"]
[Site "Cutro ITA"]
[Date "2005.06.26"]
[Round "6"]
[White "Scerbo, Antonio"]
[Black "Alo', Lucio"]
[Result "1-0"]
[WhiteElo "2097"]
[BlackElo "1601"]
[PlyCount "65"]
[EventDate "2005.06.18"]

1. d4 d5 2. c4 Nf6 3. cxd5 Nxd5 4. e4 Nf6 5. Nc3 e6 6. Nf3 Bb4 7. Bg5 Be7 8.
Be2 Nc6 9. O-O O-O 10. Rc1 h6 11. Bf4 Nh5 12. Be3 Nf6 13. h3 Bd7 14. Bd3 Nh7
15. Bb1 f5 16. d5 exd5 17. Qxd5+ Kh8 18. Rfd1 fxe4 19. Qxe4 Nf6 20. Qc2 Nb4 21.
Qb3 Qc8 22. Ne5 Be8 23. Ne2 Nc6 24. Rxc6 bxc6 25. Nf4 Nd5 26. Rxd5 cxd5 27.
Nfg6+ Kg8 28. Nxe7+ Kh8 29. Nxc8 Rxc8 30. Qd3 g6 31. Nxg6+ Bxg6 32. Qxg6 Rce8
33. Qh7# 1-0

[Event "III Weekend"]
[Site "Cutro ITA"]
[Date "2005.06.26"]
[Round "6"]
[White "Zavaglia, Giuseppe"]
[Black "Paragliola, Gennaro"]
[Result "1-0"]
[WhiteElo "1730"]
[BlackElo "1541"]
[PlyCount "115"]
[EventDate "2005.06.18"]

1. e4 d6 2. d4 g6 3. c4 Nf6 4. Nc3 Bg7 5. Nf3 O-O 6. Be2 e5 7. O-O exd4 8. Nxd4
Re8 9. f3 Nbd7 10. Re1 Ne5 11. Be3 Nfd7 12. Qd2 Nc5 13. Rac1 f5 14. b4 Na6 15.
exf5 gxf5 16. a3 Be6 17. Nxe6 Rxe6 18. Bf1 Rg6 19. Kh1 Qh4 20. Qf2 Qxf2 21.
Bxf2 Re8 22. Nd5 c6 23. Nc3 b6 24. f4 Bh6 25. g3 Rge6 26. c5 Ng4 27. Kg2 Rxe1
28. Rxe1 Rxe1 29. Bxe1 Ne3+ 30. Kf2 Nxf1 31. cxd6 Nb8 32. Kxf1 Bf8 33. Ne2 Kf7
34. Nd4 Kg6 35. Ke2 Bxd6 36. Kd3 a6 37. Kc4 c5 38. bxc5 Bxc5 39. Bb4 Bxd4 40.
Kxd4 Nc6+ 41. Kd5 Nxb4+ 42. axb4 Kf6 43. Kc6 a5 44. bxa5 bxa5 45. Kb5 Ke6 46.
Kxa5 Kd5 47. Kb5 h5 48. Kb6 Kd6 49. Kb7 Kd7 50. h3 Kd6 51. Kc8 Ke6 52. Kc7 Ke7
53. Kc6 Ke6 54. Kc5 Ke7 55. Kd5 Kf6 56. Kd6 Kf7 57. Ke5 Kg6 58. Ke6 1-0

[Event "C.to Mondiale U18 femminile"]
[Site "Belfort FRA"]
[Date "2005.07.20"]
[Round "2"]
[White "Kulovana, Eva"]
[Black "De Rosa, Mariagrazia"]
[Result "1-0"]
[WhiteElo "2137"]
[BlackElo "2100"]
[PlyCount "83"]
[EventDate "2005.07.19"]

1. e4 c5 2. Nf3 d6 3. d4 cxd4 4. Nxd4 Nf6 5. Nc3 a6 6. Be2 e6 7. O-O Be7 8. f4
Qc7 9. Bf3 O-O 10. Kh1 Nc6 11. g4 Nxd4 12. Qxd4 e5 13. Qg1 d5 14. g5 Bc5 15.
Qg2 Nd7 16. Nxd5 Qc6 17. f5 Kh8 18. Be3 Nb6 19. Bxc5 Qxc5 20. Rad1 Na4 21. b3
Nc3 22. Nxc3 Qxc3 23. Rd3 Qc7 24. Rfd1 b5 25. Qf2 a5 26. Bg2 Ra6 27. Rh3 Rc6
28. Qh4 h6 29. Rg1 Qb6 30. Bf1 Rd8 31. Bxb5 Rcd6 32. Bd3 Qc6 33. gxh6 g6 34.
Rf3 Bxf5 35. Rxf5 gxf5 36. Qg5 Rg6 37. Qxd8+ Kh7 38. Rxg6 Qxg6 39. exf5 Qc6+
40. Kg1 e4 41. Qf8 Qc5+ 42. Qxc5 1-0

[Event "C.to Mondiale U18 femminile"]
[Site "Belfort FRA"]
[Date "2005.07.23"]
[Round "5"]
[White "De Rosa, Mariagrazia"]
[Black "Pourkashiyan, Atousa"]
[Result "0-1"]
[WhiteElo "2100"]
[BlackElo "2261"]
[PlyCount "118"]
[EventDate "2005.07.19"]

1. e4 c5 2. Nf3 e6 3. d4 cxd4 4. Nxd4 a6 5. Bd3 Nf6 6. O-O d6 7. c4 Be7 8. Nc3
O-O 9. Kh1 Bd7 10. f4 Nc6 11. Nc2 Rc8 12. b3 Qa5 13. Bd2 Qc7 14. Qe2 Rfd8 15.
Rae1 Be8 16. Rf3 g6 17. Rh3 Nd7 18. Ne3 Nd4 19. Qf2 Bf6 20. Ng4 Bg7 21. f5 h5
22. Nh6+ Kh7 23. Ng4 Kg8 24. Nh6+ Kh7 25. Ng4 Kg8 26. Nh6+ Kh7 27. Bg5 Nc5 28.
Bb1 Nc6 29. Bxd8 Qxd8 30. fxg6+ fxg6 31. Rf1 Bxh6 32. Ne2 Rc7 33. Qg3 Qg5 34.
Qc3 Rf7 35. Rxf7+ Bxf7 36. Rg3 Qd2 37. Qxd2 Bxd2 38. Ng1 Nd4 39. Nf3 Nxf3 40.
gxf3 g5 41. Bc2 Kh6 42. Bd1 Bf4 43. Rg2 Bg6 44. h3 Nd3 45. Kg1 Be3+ 46. Kf1 Nf4
47. Rh2 h4 48. Be2 Kg7 49. Ke1 Kf6 50. Kd1 Ke5 51. Kc2 d5 52. cxd5 exd5 53. Bd3
Kd4 54. Bf1 dxe4 55. fxe4 Bxe4+ 56. Kb2 Nd3+ 57. Bxd3 Bxd3 58. Rg2 Bf1 59. Rg4+
Bf4 0-1

[Event "C.to Mondiale U18 femminile"]
[Site "Belfort FRA"]
[Date "2005.07.23"]
[Round "6"]
[White "Bayaraa, Zorigt"]
[Black "De Rosa, Mariagrazia"]
[Result "0-1"]
[WhiteElo "2061"]
[BlackElo "2100"]
[PlyCount "78"]
[EventDate "2005.07.19"]

1. e4 c5 2. Nf3 d6 3. d4 cxd4 4. Nxd4 Nf6 5. Nc3 a6 6. Bg5 e6 7. f3 Be7 8. Qd2
b5 9. O-O-O Qc7 10. g4 Nbd7 11. h4 Bb7 12. Be3 Nb6 13. Bd3 Nc4 14. Bxc4 Qxc4
15. Kb1 b4 16. Nce2 a5 17. g5 Nd7 18. h5 Nc5 19. g6 fxg6 20. hxg6 h6 21. Nb3
Nd7 22. Nbd4 Nc5 23. Ng3 a4 24. Nh5 Rg8 25. Ne2 b3 26. cxb3 axb3 27. a3 Nxe4
28. Qd3 Qxd3+ 29. Rxd3 Nf6 30. Bd2 Nxh5 31. Rxh5 Ba6 32. Re3 Kd7 33. Bc3 e5 34.
Nc1 Rab8 35. Bb4 Bg5 36. Re1 Bxc1 37. Rxc1 Bd3+ 38. Ka1 Bxg6 39. Rh2 Rxb4 0-1

[Event "C.to Mondiale U18 femminile"]
[Site "Belfort FRA"]
[Date "2005.07.25"]
[Round "7"]
[White "De Rosa, Mariagrazia"]
[Black "Dauletova, Gulmira"]
[Result "0-1"]
[WhiteElo "2100"]
[BlackElo "2122"]
[PlyCount "47"]
[EventDate "2005.07.19"]

1. e4 c5 2. Nf3 d6 3. d4 cxd4 4. Nxd4 Nf6 5. Nc3 g6 6. Be3 Bg7 7. f3 O-O 8. Qd2
Nc6 9. Bc4 Nd7 10. O-O-O Nb6 11. Bb3 Na5 12. Qd3 Nxb3+ 13. cxb3 a5 14. a4 Nd7
15. Ndb5 b6 16. Bg5 Nc5 17. Qe3 f6 18. Bh6 Nxb3+ 19. Kb1 Bxh6 20. Qxh6 Be6 21.
h4 Re8 22. h5 g5 23. f4 gxf4 24. Rh4 0-1

[Event "C.to Mondiale U18 femminile"]
[Site "Belfort FRA"]
[Date "2005.07.26"]
[Round "9"]
[White "De Rosa, Mariagrazia"]
[Black "Mezioud, Amina"]
[Result "1/2-1/2"]
[WhiteElo "2100"]
[BlackElo "1984"]
[PlyCount "115"]
[EventDate "2005.07.19"]

1. e4 e5 2. d4 exd4 3. Qxd4 d6 4. Nc3 Nf6 5. f3 b6 6. Be3 Bb7 7. Nge2 Be7 8.
Qd2 Nbd7 9. Nd4 Ne5 10. O-O-O g6 11. Bb5+ Nfd7 12. f4 Ng4 13. Bg1 O-O 14. Nc6
Bxc6 15. Bxc6 Rb8 16. Nd5 Nc5 17. h3 Nf6 18. Nc3 Nh5 19. Ne2 a6 20. g4 Ng7 21.
Be3 Nb7 22. a3 Na5 23. Bd5 c6 24. Ba2 Kh8 25. h4 b5 26. Bd4 c5 27. Bc3 Nc6 28.
h5 b4 29. hxg6 fxg6 30. Rh6 bxc3 31. Qxc3 Bf6 32. e5 Nxe5 33. Qh3 Nh5 34. gxh5
Bg5 35. hxg6 Bxh6 36. Qxh6 Nxg6 37. Rh1 Qe7 38. Qxg6 Qb7 39. Bd5 Qxb2+ 40. Kd2
Qg7 41. Qxg7+ Kxg7 42. Rh4 Rbe8 43. Nc3 h5 44. Ne4 Kh6 45. c4 Rb8 46. Nxd6 Rb2+
47. Kc1 Rfb8 48. Be4 Ra2 49. Nf5+ Kg6 50. Ne3+ Kf7 51. Nc2 Rab2 52. Rxh5 Rb1+
53. Kd2 Kg8 54. Rh6 a5 55. Rh7 Kf8 56. Rh6 Kf7 57. Rh7+ Kf8 58. Ra7 1/2-1/2

[Event "C.to Mondiale U18"]
[Site "Belfort FRA"]
[Date "2005.07.19"]
[Round "1"]
[White "Bove, Alessandro"]
[Black "Romanov, Evgeny"]
[Result "0-1"]
[WhiteElo "2137"]
[BlackElo "2451"]
[PlyCount "60"]
[EventDate "2005.07.19"]

1. e4 g6 2. d4 Bg7 3. Nc3 d6 4. Be3 a6 5. a4 Nf6 6. Be2 O-O 7. g4 Nc6 8. g5 Nd7
9. h4 e5 10. d5 Nd4 11. Nf3 Nxe2 12. Qxe2 f5 13. gxf6 Nxf6 14. Nd2 Nh5 15.
O-O-O Bd7 16. Rdg1 b5 17. Rg5 bxa4 18. Rhg1 Rf7 19. Nf3 Qf6 20. Nh2 Nf4 21. Qc4
Nh3 22. R1g2 Qd8 23. R5g3 Qxh4 24. Qxc7 a3 25. Qxd6 axb2+ 26. Kxb2 Qd8 27. Ng4
Nf4 28. Bxf4 exf4 29. Rf3 Qc8 30. Nh2 Bh3 0-1

[Event "C.to Mondiale U18"]
[Site "Belfort FRA"]
[Date "2005.07.21"]
[Round "3"]
[White "Bove, Alessandro"]
[Black "Ong, Kezli"]
[Result "1-0"]
[WhiteElo "2137"]
[BlackElo "2371"]
[PlyCount "57"]
[EventDate "2005.07.19"]

1. e4 e5 2. Nf3 Nc6 3. Bc4 Nf6 4. d3 Bc5 5. c3 d6 6. b4 Bb6 7. a4 a6 8. Qb3 Qe7
9. Ng5 O-O 10. f3 h6 11. h4 Nh5 12. g4 Nf4 13. Ra2 hxg5 14. hxg5 Ng6 15. Qc2
Rd8 16. Qh2 Qe8 17. Nd2 Be3 18. Ba3 Bxd2+ 19. Rxd2 Be6 20. Bd5 Bxd5 21. exd5
Nce7 22. f4 Qxa4 23. Bb2 Nxd5 24. f5 Ndf4 25. f6 gxf6 26. gxf6 Qc6 27. Qh7+ Kf8
28. Qh8+ Nxh8 29. Rxh8# 1-0

[Event "C.to Mondiale U18"]
[Site "Belfort FRA"]
[Date "2005.07.22"]
[Round "4"]
[White "Grigorov, Grigor"]
[Black "Bove, Alessandro"]
[Result "1-0"]
[WhiteElo "2400"]
[BlackElo "2137"]
[PlyCount "81"]
[EventDate "2005.07.19"]

1. d4 d6 2. c4 g6 3. e4 Bg7 4. Nc3 Nd7 5. Be2 e5 6. d5 Ne7 7. h4 h5 8. Bg5 Nf6
9. Qd2 Nh7 10. Bh6 Bf6 11. g3 b6 12. O-O-O Nf8 13. Be3 Nd7 14. Nh3 a5 15. Ng5
Nc5 16. f4 Bg7 17. Rdf1 f6 18. Nh3 Bxh3 19. Rxh3 Qd7 20. Rhh1 f5 21. fxe5 Bxe5
22. Bd4 Bxd4 23. Qxd4 O-O-O 24. e5 dxe5 25. Qxe5 Rhe8 26. Kb1 Ng8 27. Qd4 Ne4
28. Bf3 Nxg3 29. c5 Nxf1 30. Rxf1 Qc6 31. Na4 bxc5 32. Qc4 Qd6 33. Nxc5 Nf6 34.
Rc1 Re5 35. Qb5 Rde8 36. Qxa5 Qb6 37. Qa8+ Qb8 38. Qa6+ Kd8 39. Qxf6+ R5e7 40.
d6 cxd6 41. Ne6+ 1-0

[Event "C.to Mondiale U16 femminile"]
[Site "Belfort FRA"]
[Date "2005.07.19"]
[Round "1"]
[White "Tonel, Giulia"]
[Black "Corke, Anya S."]
[Result "0-1"]
[WhiteElo "1793"]
[BlackElo "2223"]
[PlyCount "54"]
[EventDate "2005.07.19"]

1. e4 c5 2. Nf3 e6 3. d3 d6 4. g3 b6 5. Bg2 Bb7 6. Nbd2 Nf6 7. c3 Be7 8. O-O
Nbd7 9. Re1 Qc7 10. Qc2 h6 11. Nf1 g5 12. Ne3 O-O-O 13. Rb1 Rdg8 14. b4 h5 15.
Nd2 h4 16. Ndf1 Ne5 17. Qe2 Nh5 18. d4 Nf4 19. gxf4 gxf4 20. dxe5 fxe3 21. Qxe3
h3 22. Ng3 hxg2 23. Kxg2 dxe5 24. Kh1 f5 25. Qe2 Rxg3 26. fxg3 Bxe4+ 27. Kg1
Bxb1 0-1

[Event "C.to Mondiale U16 femminile"]
[Site "Belfort FRA"]
[Date "2005.07.21"]
[Round "3"]
[White "Tonel, Giulia"]
[Black "Umudova, Nargiz"]
[Result "1/2-1/2"]
[WhiteElo "1793"]
[BlackElo "2121"]
[PlyCount "38"]
[EventDate "2005.07.19"]

1. e4 c5 2. Nf3 Nc6 3. d3 d5 4. Nbd2 e5 5. g3 Nf6 6. Bg2 Be7 7. O-O O-O 8. Re1
dxe4 9. dxe4 Qc7 10. c3 Rd8 11. Qc2 b6 12. Nc4 Be6 13. Bf1 b5 14. Ne3 c4 15.
Nf5 Nd7 16. Be3 Bc5 17. Rad1 g6 18. Bxc5 Nxc5 19. Ne3 Ne7 1/2-1/2

[Event "C.to Mondiale U16 femminile"]
[Site "Belfort FRA"]
[Date "2005.07.27"]
[Round "10"]
[White "Tonel, Giulia"]
[Black "Benmesbah, Natacha"]
[Result "0-1"]
[WhiteElo "1793"]
[BlackElo "2127"]
[PlyCount "74"]
[EventDate "2005.07.19"]

1. e4 c5 2. Nf3 d6 3. Bb5+ Nd7 4. O-O Ngf6 5. Qe2 a6 6. Bxd7+ Nxd7 7. c3 e5 8.
Rd1 Be7 9. d4 Qc7 10. Nbd2 O-O 11. Nc4 b5 12. Ne3 Nb6 13. h3 Bf6 14. d5 g6 15.
Ng4 Bg7 16. Nd2 f5 17. Ne3 Nd7 18. c4 b4 19. f3 f4 20. Ng4 h5 21. Nf2 g5 22.
Nd3 Nf6 23. a3 bxa3 24. Rxa3 g4 25. hxg4 hxg4 26. Nb3 Qe7 27. Kf1 Nxe4 28. Qxe4
Qh4 29. Qe1 Qh1+ 30. Ke2 Qxg2+ 31. Qf2 gxf3+ 32. Ke1 Qg4 33. Nd2 e4 34. Nxe4
Re8 35. Bxf4 Rxe4+ 36. Kf1 Bd4 37. Qg3 Qxg3 0-1

[Event "C.to Mondiale U16"]
[Site "Belfort FRA"]
[Date "2005.07.19"]
[Round "1"]
[White "Brunello, Sabino"]
[Black "Cronan, James"]
[Result "1-0"]
[WhiteElo "2373"]
[BlackElo "2065"]
[PlyCount "71"]
[EventDate "2005.07.19"]

1. e4 d5 2. exd5 Qxd5 3. Nc3 Qa5 4. d4 Bf5 5. Nf3 Nf6 6. Bc4 e6 7. Bd2 c6 8.
Nd5 Qd8 9. Nxf6+ gxf6 10. c3 Bd6 11. Qe2 Rg8 12. Nh4 Bg4 13. f3 f5 14. g3 Bh3
15. Ng2 Bxg2 16. Qxg2 Nd7 17. O-O-O Qf6 18. Qe2 h5 19. f4 h4 20. d5 cxd5 21.
Bxd5 O-O-O 22. Bf3 Nb6 23. Be3 Qe7 24. Qf2 Qc7 25. Kb1 Nc4 26. Bd4 b6 27. Bg2
Rg6 28. Qf3 Rdg8 29. b3 Na3+ 30. Kb2 f6 31. Rhe1 Kd7 32. Qe2 Rc8 33. Bd5 e5 34.
Qh5 Rg7 35. Qxf5+ Ke7 36. fxe5 1-0

[Event "C.to Mondiale U16"]
[Site "Belfort FRA"]
[Date "2005.07.19"]
[Round "1"]
[White "Latorre Lopez Moreir, Carlos Manuel"]
[Black "Vocaturo, Daniele"]
[Result "0-1"]
[WhiteElo "2061"]
[BlackElo "2372"]
[PlyCount "132"]
[EventDate "2005.07.19"]

1. e4 c5 2. Nc3 Nc6 3. Nge2 g6 4. g3 Bg7 5. Bg2 d6 6. d3 e6 7. O-O Nge7 8. Be3
O-O 9. d4 b6 10. Qd2 Ba6 11. Rfe1 Rc8 12. dxc5 dxc5 13. Rad1 Qxd2 14. Rxd2 Ne5
15. Bf4 N5c6 16. b3 h6 17. h4 Kh7 18. f3 Bf6 19. Kf2 g5 20. hxg5 hxg5 21. Be3
Kg7 22. Rh1 Rfd8 23. Rhd1 Rh8 24. Rh1 Rxh1 25. Bxh1 c4 26. Nd1 cxb3 27. axb3
Nb4 28. Nd4 Nec6 29. c3 Nd3+ 30. Kg1 Nc1 31. Nxe6+ Kg6 32. Nd4 Nxd4 33. cxd4
Nxb3 34. Ra2 Bc4 35. Rxa7 Nxd4 36. f4 Ne2+ 37. Kf2 gxf4 38. gxf4 Bh4+ 39. Kf3
Ng3 40. Nf2 Be2+ 41. Kg2 Rc3 42. f5+ Kh5 43. Rxf7 Bf1+ 44. Kf3 Be2+ 45. Kg2
Rxe3 46. Rh7+ Kg5 47. Nh3+ Kf6 48. Rxh4 Nxe4 49. Kh2 Kxf5 50. Ng1 Bg4 51. Bxe4+
Rxe4 52. Rh6 b5 53. Rb6 b4 54. Kg3 Re3+ 55. Kf2 Rb3 56. Rb8 Ke4 57. Ke1 Rb2 58.
Rg8 Ke3 59. Kf1 Rf2+ 60. Ke1 Rc2 61. Kf1 Rc4 62. Rb8 Kd2 63. Kf2 Kc2 64. Ke3 b3
65. Rf8 b2 66. Rf2+ Kb3 0-1

[Event "C.to Mondiale U16"]
[Site "Belfort FRA"]
[Date "2005.07.19"]
[Round "1"]
[White "Ronchetti, Niccolo'"]
[Black "Stander, Heinrich"]
[Result "1/2-1/2"]
[WhiteElo "2395"]
[BlackElo "2090"]
[PlyCount "86"]
[EventDate "2005.07.19"]

1. e4 c5 2. Nf3 d6 3. d4 cxd4 4. Nxd4 Nf6 5. Nc3 g6 6. Be3 Bg7 7. f3 O-O 8. Qd2
Nc6 9. O-O-O Nxd4 10. Bxd4 Be6 11. Kb1 Qc7 12. h4 Rfc8 13. h5 Qa5 14. hxg6 hxg6
15. a3 Rab8 16. Bd3 Bc4 17. Bxc4 Rxc4 18. Bxf6 Bxf6 19. Nd5 Qxd2 20. Rxd2 Kg7
21. g3 Rcc8 22. Rdh2 Rg8 23. c3 Rbd8 24. Kc2 Kf8 25. g4 g5 26. Nxf6 exf6 27.
Rh8 Ke7 28. Rxg8 Rxg8 29. Kd3 Ke6 30. Kd4 b5 31. c4 bxc4 32. Kxc4 Rc8+ 33. Kd3
Ke5 34. b4 Kf4 35. Rh6 Ke5 36. Rh1 Rc7 37. a4 Kf4 38. Rh6 Kxf3 39. Rxf6+ Kxg4
40. Rxd6 f5 41. exf5 Kxf5 42. Ke3 Re7+ 43. Kf2 Ke4 1/2-1/2

[Event "C.to Mondiale U16"]
[Site "Belfort FRA"]
[Date "2005.07.20"]
[Round "2"]
[White "Spoelman, Wouter"]
[Black "Bonafede, Alessandro"]
[Result "1-0"]
[WhiteElo "2365"]
[BlackElo "2162"]
[PlyCount "63"]
[EventDate "2005.07.19"]

1. e4 c5 2. Nf3 d6 3. d4 cxd4 4. Nxd4 Nf6 5. Nc3 a6 6. Be3 e6 7. f3 Be7 8. Qd2
Nc6 9. g4 O-O 10. O-O-O Nxd4 11. Qxd4 Nd7 12. Kb1 Ne5 13. Be2 b5 14. g5 Nc6 15.
Qd2 Qa5 16. Bd3 b4 17. Ne2 Rd8 18. h4 Bb7 19. h5 Ne5 20. Nd4 d5 21. g6 Bf6 22.
gxh7+ Kh8 23. Bg5 dxe4 24. Bxf6 gxf6 25. Qh6 exd3 26. Rdg1 dxc2+ 27. Nxc2 Rd1+
28. Rxd1 Bxf3 29. Rhg1 Ng4 30. Rxg4 Bxg4 31. Qxf6+ Kxh7 32. Qxf7+ 1-0

[Event "C.to Mondiale U16"]
[Site "Belfort FRA"]
[Date "2005.07.20"]
[Round "2"]
[White "Vijay, Keerthi Krishnamoorthy"]
[Black "Brunello, Sabino"]
[Result "1/2-1/2"]
[WhiteElo "2192"]
[BlackElo "2373"]
[PlyCount "100"]
[EventDate "2005.07.19"]

1. e4 e5 2. Nf3 Nc6 3. Nc3 Nf6 4. d4 exd4 5. Nd5 Nxd5 6. exd5 Bb4+ 7. Bd2 Qe7+
8. Qe2 Bxd2+ 9. Kxd2 Qxe2+ 10. Bxe2 Ne7 11. d6 cxd6 12. Nxd4 a6 13. Bf3 g6 14.
Rhe1 Kd8 15. Rad1 Nc6 16. Kc1 Ne5 17. Bd5 f5 18. Nf3 Nxf3 19. Bxf3 Re8 20.
Rxe8+ Kxe8 21. Rxd6 Ke7 22. Rb6 d6 23. Bd5 Rb8 24. Kd2 Kd7 25. Bg8 h6 26. Bh7
g5 27. Rb3 Ke7 28. Bg8 Be6 29. Bxe6 Kxe6 30. Rb6 Kd7 31. c4 Kc7 32. c5 dxc5 33.
Rxh6 Rd8+ 34. Kc3 Rd5 35. h3 f4 36. b3 Re5 37. Kd3 a5 38. h4 Rd5+ 39. Ke2 gxh4
40. Rxh4 Rd4 41. g3 a4 42. g4 axb3 43. axb3 Rb4 44. Rh3 f3+ 45. Rxf3 Rxg4 46.
Kd3 b5 47. Rf7+ Kd6 48. f3 c4+ 49. Kc3 Rg1 50. bxc4 Rc1+ 1/2-1/2

[Event "C.to Mondiale U16"]
[Site "Belfort FRA"]
[Date "2005.07.20"]
[Round "2"]
[White "Vocaturo, Daniele"]
[Black "Huerga Leache, Mikel"]
[Result "1-0"]
[WhiteElo "2372"]
[BlackElo "2176"]
[PlyCount "103"]
[EventDate "2005.07.19"]

1. e4 c5 2. Nf3 e6 3. d4 cxd4 4. Nxd4 Nf6 5. Nc3 Nc6 6. Ndb5 d6 7. Bf4 e5 8.
Bg5 a6 9. Na3 b5 10. Nd5 Be7 11. Bxf6 Bxf6 12. c3 Ne7 13. Nc2 Nxd5 14. Qxd5 Be6
15. Qc6+ Ke7 16. Nb4 Qd7 17. Nd5+ Bxd5 18. Qxd5 Rac8 19. Be2 Rc5 20. Qd3 Rb8
21. O-O a5 22. Bd1 b4 23. cxb4 Rxb4 24. Bb3 a4 25. Bd5 Rxb2 26. Qf3 g6 27. Rac1
Rbb5 28. g3 Rxc1 29. Rxc1 Rc5 30. Rb1 Rb5 31. Rd1 h5 32. Qa3 Rc5 33. Bxf7 Qg4
34. f3 Qg5 35. Bc4 h4 36. Kg2 Qh6 37. Qxa4 h3+ 38. Kf2 Rc7 39. Qa6 Rd7 40. Qc8
Bg5 41. Rd3 Bh4 42. Qg8 Qc1 43. Qh7+ Kd8 44. Qxh4+ Kc7 45. Bb3 Qb2+ 46. Ke3
Qxh2 47. Rd1 Kb6 48. Qh8 Qb2 49. Qb8+ Rb7 50. Rxd6+ Ka5 51. Rd5+ Rb5 52. Qc7+
1-0